In the first session of the ninth parliament of the fourth republic of Ghana, report of the committee on independent constitutional bodies on the 2025 budget estimates of the national commission for civic education (NCCE) (Record no. 5204)

MARC details
000 -LEADER
fixed length control field 00733nam a22001697a 4500
003 - CONTROL NUMBER IDENTIFIER
control field OSt
005 - DATE AND TIME OF LATEST TRANSACTION
control field 20250611132443.0
008 - FIXED-LENGTH DATA ELEMENTS--GENERAL INFORMATION
fixed length control field 250611b |||||||| |||| 00| 0 eng d
041 ## - LANGUAGE CODE
Language code of text/sound track or separate title English
082 ## - DEWEY DECIMAL CLASSIFICATION NUMBER
Classification number CR/NCCE/25 Acc No: 11,043
110 ## - MAIN ENTRY--CORPORATE NAME
Corporate name or jurisdiction name as entry element Parliament Of Ghana
245 ## - TITLE STATEMENT
Title In the first session of the ninth parliament of the fourth republic of Ghana, report of the committee on independent constitutional bodies on the 2025 budget estimates of the national commission for civic education (NCCE)
260 ## - PUBLICATION, DISTRIBUTION, ETC.
Place of publication, distribution, etc. Accra-Osu
Name of publisher, distributor, etc. Parliament of Ghana,
Date of publication, distribution, etc. 2025
300 ## - PHYSICAL DESCRIPTION
Extent 18p;tabs;
650 ## - SUBJECT ADDED ENTRY--TOPICAL TERM
Source of heading or term independent constitutional bodies on the 2025 budget estimates of the national commission for civic education (NCCE)
942 ## - ADDED ENTRY ELEMENTS (KOHA)
Source of classification or shelving scheme Dewey Decimal Classification
Koha item type Committee Reports
Suppress in OPAC No
Holdings
Withdrawn status Lost status Source of classification or shelving scheme Damaged status Not for loan Home library Current library Shelving location Date acquired Total checkouts Full call number Date last seen Copy number Price effective from Koha item type
    Dewey Decimal Classification     Main Library Main Library Open Shelves 11/06/2025   CR/NCCE/25 Acc No: 11,043 11/06/2025 1 11/06/2025 Committee Reports
©2026  Parliament of Ghana Library - All rights reserved